Men's Tennis Players by Picture #2 - Statistics

General Stats
  • This quiz has been taken 141 times
  • The average score is 11 of 16
Answer Stats
Picture Answer % Correct
Carlos Alcaraz
92%
Andy Murray
90%
Daniil Medvedev
90%
Jannik Sinner
87%
Alexander Zverev
83%
Nick Kyrgios
76%
Pete Sampras
73%
Gael Monfils
72%
John McEnroe
70%
Grigor Dimitrov
68%
Holger Rune
67%
Andy Roddick
65%
Kei Nishikori
59%
Ivan Lendl
49%
Hubert Hurkacz
46%
Jimmy Connors
40%
No matching quizzes found
Score Distribution
Percent of People with Each Score
Percentile by Number Answered
Your Score History
You have not taken this quiz